[Event "NATO-ch 34th"]
[Site "Rhodes"]
[Date "2024.10.24"]
[Round "6"]
[White "Reizniece Ozola, Dana"]
[Black "Michalowski, Patryk"]
[Result "0-1"]
[WhiteElo "2255"]
[BlackElo "2054"]
[PlyCount "86"]
[EventDate "2024.10.21"]
[EventType "swiss"]
[EventRounds "7"]
[EventCountry "GRE"]
[SourceTitle "CB44_2024"]
[Source "Chessbase"]
[SourceDate "2024.10.30"]
[SourceVersion "1"]
[SourceVersionDate "2024.10.30"]
[SourceQuality "1"]

1. Nf3 d5 2. c4 e6 3. g3 Nf6 4. Bg2 Be7 5. 0-0 0-0 6. b3 b6 7. Bb2 Bb7 8. cxd5 Nxd5 9. d4 c5 10. dxc5 Bxc5 11. a3 Nd7 12. Nbd2 N5f6 13. Nc4 Bd5 14. Nce5 Nxe5 15. Bxe5 a5 16. Qb1 h6 17. Rd1 Qe7 18. b4 axb4 19. axb4 Be4 20. Qb3 Rxa1 21. Bxa1 Bxb4 22. Bxf6 gxf6 23. Qe3 Bxf3 24. Bxf3 Qc5 25. Qxh6 Qg5 26. Qh3 Bc5 27. Be4 f5 28. Bd3 Rd8 29. Ra1 Kg7 30. Ra7 Qc1+ 31. Kg2 Rh8 32. Rxf7+ Kg8 33. Qxh8+ Kxh8 34. Rf6 Qe1 35. Rxe6 Qxf2+ 36. Kh3 Bd4 37. Rg6 Kh7 38. Re6 Kg7 39. g4 Qf1+ 40. Kh4 Bf6+ 41. g5 Qf2+ 42. Kh3 Bxg5 43. Re5 Qf1+ 0-1

[Event "FIDE World Rapid Team"]
[Site "Almaty"]
[Date "2024.08.04"]
[Round "11.35"]
[White "Reizniece Ozola, Dana"]
[Black "Wafa, Shrook"]
[Result "0-1"]
[WhiteElo "2255"]
[BlackElo "2137"]
[PlyCount "122"]
[EventDate "2024.08.02"]
[EventType "team (rapid)"]
[EventRounds "12"]
[EventCountry "KAZ"]
[SourceTitle "CBM 221 Extra"]
[Source "ChessBase"]
[SourceDate "2024.09.30"]
[SourceVersion "1"]
[SourceVersionDate "2024.09.30"]
[SourceQuality "1"]
[WhiteTeam "FIDE Management Board"]
[BlackTeam "Egypt"]
[BlackTeamCountry "EGY"]

1. c4 e5 2. Nc3 Nc6 3. g3 f5 4. Bg2 Nf6 5. e3 Be7 6. Nge2 0-0 7. 0-0 d6 8. b3 Qe8 9. Nd5 Nxd5 10. cxd5 Nd8 11. Bb2 c5 12. f4 e4 13. d3 exd3 14. Qxd3 Bf6 15. Bxf6 Rxf6 16. Nc3 Rf7 17. Rae1 Re7 18. e4 Nf7 19. Re2 Bd7 20. Rfe1 g6 21. exf5 Rxe2 22. Rxe2 Qf8 23. fxg6 hxg6 24. Qxg6+ Qg7 25. Qxg7+ Kxg7 26. h3 b5 27. Kf2 b4 28. Ne4 a5 29. g4 a4 30. Rb2 axb3 31. axb3 Bb5 32. Nd2 Ra1 33. Bf1 Bxf1 34. Nxf1 Nh8 35. Ne3 Ng6 36. Nf5+ Kf6 37. Nxd6 Nxf4 38. Kg3 Nxd5 39. Ne4+ Ke5 40. Nxc5 Kd4 41. Na4 Rg1+ 42. Rg2 Rb1 43. Rd2+ Ke5 44. Nc5 Rg1+ 45. Kf2 Rb1 46. Kg3 Rg1+ 47. Kh4 Rb1 48. g5 Ne3 49. Nd3+ Ke4 50. Nxb4 Rxb3 51. Nc6 Nf5+ 52. Kg4 Rg3+ 53. Kh5 Rxh3+ 54. Kg6 Rc3 55. Nd8 Nh4+ 56. Kg7 Kf5 57. Nf7 Rc7 58. Rf2+ Kg4 59. g6 Kh5 60. Rg2 Nxg2 61. Kf6 Rc6+ 0-1

[Event "FIDE World Rapid Team"]
[Site "Almaty"]
[Date "2024.08.03"]
[Round "5.28"]
[White "Mazhkenov, Alisher"]
[Black "Reizniece Ozola, Dana"]
[Result "1-0"]
[WhiteElo "2118"]
[BlackElo "2255"]
[PlyCount "79"]
[EventDate "2024.08.02"]
[EventType "team (rapid)"]
[EventRounds "12"]
[EventCountry "KAZ"]
[SourceTitle "CBM 221 Extra"]
[Source "ChessBase"]
[SourceDate "2024.09.30"]
[SourceVersion "1"]
[SourceVersionDate "2024.09.30"]
[SourceQuality "1"]
[WhiteTeam "Astana II"]
[BlackTeam "FIDE Management Board"]
[WhiteTeamCountry "KAZ"]

1. e4 c5 2. Nf3 Nc6 3. Bc4 Nf6 4. e5 d5 5. Bb5 Nd7 6. Bxc6 bxc6 7. d3 e6 8. c4 Be7 9. Nc3 0-0 10. 0-0 f6 11. exf6 Bxf6 12. Qc2 Ne5 13. Nxe5 Bxe5 14. Na4 Qh4 15. g3 Qh3 16. Qe2 Bd6 17. f4 Bd7 18. b3 Rae8 19. Bb2 Rf5 20. Qg2 Qh6 21. Rae1 d4 22. Bc1 Qg6 23. Nb2 e5 24. g4 Rff8 25. f5 Qf7 26. Re4 Kh8 27. Nd1 g6 28. f6 g5 29. Bxg5 Qg6 30. Bh4 Rf7 31. Nf2 Rg8 32. h3 Qh6 33. Bg3 Rxf6 34. Bxe5 Bxe5 35. Rxe5 Rgf8 36. g5 Qh4 37. gxf6 Rg8 38. Ng4 Bxg4 39. f7 Rf8 40. Re8 1-0

[Event "FIDE World Rapid Team"]
[Site "Almaty"]
[Date "2024.08.03"]
[Round "8.22"]
[White "Reizniece Ozola, Dana"]
[Black "Chinguun, Sumiya"]
[Result "0-1"]
[WhiteElo "2255"]
[BlackElo "2389"]
[PlyCount "126"]
[EventDate "2024.08.02"]
[EventType "team (rapid)"]
[EventRounds "12"]
[EventCountry "KAZ"]
[SourceTitle "CBM 221 Extra"]
[Source "ChessBase"]
[SourceDate "2024.09.30"]
[SourceVersion "1"]
[SourceVersionDate "2024.09.30"]
[SourceQuality "1"]
[WhiteTeam "FIDE Management Board"]
[BlackTeam "Hunnu Air"]
[BlackTeamCountry "MGL"]

1. c4 Nf6 2. Nc3 c5 3. Nf3 Nc6 4. d4 cxd4 5. Nxd4 e6 6. a3 Bc5 7. Nb3 Be7 8. e4 0-0 9. Be2 b6 10. 0-0 Bb7 11. Be3 Rc8 12. c5 bxc5 13. Nxc5 Ba8 14. Nd3 d5 15. exd5 exd5 16. Bg5 d4 17. Bxf6 Bxf6 18. Ne4 Be7 19. Rc1 Qb6 20. Nec5 Ne5 21. Nxe5 Rxc5 22. Rxc5 Qxc5 23. Nd3 Qf5 24. Re1 Bd6 25. Qa4 Qg6 26. Bf1 Bxg2 27. Bxg2 Qxd3 28. Rd1 Qe2 29. Qxd4 Be5 30. Qd2 Qh5 31. b4 Bxh2+ 32. Kf1 Re8 33. Qd3 g6 34. Re1 Rxe1+ 35. Kxe1 Qe5+ 36. Kf1 h5 37. Bd5 Kg7 38. Qf3 Bf4 39. Bc4 Qd4 40. Qb3 Qf6 41. b5 Bd6 42. a4 Bc5 43. Qa2 h4 44. Kg2 h3+ 45. Kxh3 Qf3+ 46. Kh2 Bxf2 47. Qb3 Qxb3 48. Bxb3 Bb6 49. Kg3 f5 50. Bc2 Kf6 51. Kf4 g5+ 52. Kf3 Ke5 53. Kg3 g4 54. Bd1 Kf6 55. Bc2 Bc7+ 56. Kh4 Kg6 57. Bd1 Bd8+ 58. Kg3 Kg5 59. Kf2 Bb6+ 60. Kg2 f4 61. Bc2 f3+ 62. Kg3 Bc7+ 63. Kf2 Kf4 0-1

[Event "FIDE World Rapid Team"]
[Site "Almaty"]
[Date "2024.08.02"]
[Round "4.3"]
[White "Volokitin, Andrei"]
[Black "Reizniece Ozola, Dana"]
[Result "1-0"]
[WhiteElo "2667"]
[BlackElo "2255"]
[PlyCount "55"]
[EventDate "2024.08.02"]
[EventType "team (rapid)"]
[EventRounds "12"]
[EventCountry "KAZ"]
[SourceTitle "CBM 221 Extra"]
[Source "ChessBase"]
[SourceDate "2024.09.30"]
[SourceVersion "1"]
[SourceVersionDate "2024.09.30"]
[SourceQuality "1"]
[WhiteTeam "Ashdod"]
[BlackTeam "FIDE Management Board"]
[WhiteTeamCountry "ISR"]

1. e4 d6 2. d4 g6 3. Nc3 Bg7 4. Be3 a6 5. Qd2 b5 6. h4 h5 7. Nf3 Nf6 8. Ng5 Ng4 9. Bf4 Nc6 10. f3 Nh6 11. Be3 e5 12. dxe5 Nxe5 13. 0-0-0 0-0 14. g4 hxg4 15. f4 Nf3 16. Nxf3 gxf3 17. f5 Ng4 18. Bg5 Qe8 19. Rg1 gxf5 20. exf5 Bxf5 21. Bh3 Qd7 22. Nd5 f6 23. Bxf6 Nxf6 24. Bxf5 Qf7 25. Qh6 f2 26. Nxf6+ Qxf6 27. Be6+ Qf7 28. Qxg7# 1-0

[Event "EU-ch Rapid (Women)"]
[Site "Monaco"]
[Date "2024.01.14"]
[Round "10"]
[White "Reizniece Ozola, Dana"]
[Black "Piddubna, Bozhena"]
[Result "0-1"]
[WhiteElo "2278"]
[BlackElo "2035"]
[PlyCount "81"]
[EventDate "2024.01.13"]
[EventType "swiss (rapid)"]
[EventRounds "11"]
[EventCountry "MNC"]
[SourceTitle "CBM 218 Extra"]
[Source "ChessBase"]
[SourceDate "2024.03.31"]
[SourceVersion "1"]
[SourceVersionDate "2024.03.31"]
[SourceQuality "1"]

1. c4 e6 2. Nf3 Nf6 3. g3 b6 4. Bg2 Bb7 5. 0-0 Be7 6. Nc3 0-0 7. b3 d5 8. e3 c5 9. Bb2 Nc6 10. d3 a6 11. Qe2 Qc7 12. cxd5 exd5 13. d4 cxd4 14. Nxd4 Nxd4 15. exd4 Rfe8 16. Qd3 Qd7 17. Rfe1 Bb4 18. Rxe8+ Rxe8 19. Na4 Qd8 20. a3 Bd6 21. b4 h6 22. b5 a5 23. Rc1 Ne4 24. f3 Nf6 25. Kf2 Bc7 26. Bc3 Re7 27. Bd2 Ne8 28. Bh3 Nd6 29. Nb2 Bc8 30. Bxc8 Qxc8 31. Bf4 Qh3 32. Kg1 Nc4 33. Nxc4 Bxf4 34. gxf4 dxc4 35. Qf1 Qf5 36. Rxc4 Re6 37. Kh1 Rg6 38. Qc1 Kh7 39. Rc6 f6 40. Rxb6 Qh3 41. Qg1 0-1

[Event "NATO-ch 33rd"]
[Site "Portoroz"]
[Date "2023.09.06"]
[Round "4"]
[White "Mouroutis, Konstantinos"]
[Black "Reizniece Ozola, Dana"]
[Result "1/2-1/2"]
[WhiteElo "2128"]
[BlackElo "2260"]
[PlyCount "137"]
[EventDate "2023.09.04"]
[EventType "swiss"]
[EventRounds "7"]
[EventCountry "SLO"]
[SourceTitle "CBM 216 Extra"]
[Source "ChessBase"]
[SourceDate "2023.11.30"]
[SourceVersion "1"]
[SourceVersionDate "2023.11.30"]
[SourceQuality "1"]

1. d4 d6 2. Bf4 g6 3. Nc3 Bg7 4. Qd2 c6 5. h4 h6 6. e4 Nd7 7. Nf3 e5 8. Be3 Ngf6 9. dxe5 dxe5 10. Nh2 Qe7 11. 0-0-0 b5 12. f3 Bb7 13. g3 Nc5 14. Ng4 Ne6 15. Nxf6+ Bxf6 16. Bxh6 Rd8 17. Bd3 a6 18. Be3 Nd4 19. Qf2 0-0 20. h5 c5 21. Nd5 Bxd5 22. exd5 c4 23. Be4 c3 24. bxc3 Qa3+ 25. Kd2 Nf5 26. hxg6 fxg6 27. g4 Nxe3 28. Qxe3 Qe7 29. Ke2 Bg5 30. Qd3 Rd6 31. Bxg6 e4 32. Bxe4 Bh6 33. Rh5 Rf4 34. Rdh1 Bg7 35. Kd1 Qc7 36. Kd2 Qb6 37. Qe3 Qxe3+ 38. Kxe3 Rf7 39. Bf5 Rc7 40. Be6+ Kf8 41. Kd2 Bxc3+ 42. Kd1 Bg7 43. Rf5+ Ke8 44. Rh7 b4 45. g5 a5 46. g6 a4 47. Rfh5 Rb6 48. Rh8+ Ke7 49. Rg8 Kf6 50. Bf7 b3 51. cxb3 axb3 52. axb3 Rxb3 53. Ra8 Rb1+ 54. Ke2 Rb2+ 55. Ke3 Rc3+ 56. Kf4 Rf2 57. Rf5+ Ke7 58. Kg3 Rcc2 59. Ra7+ Kd8 60. Kf4 Rc4+ 61. Ke3 Rcc2 62. Be6 Rfe2+ 63. Kd3 Red2+ 64. Ke4 Re2+ 65. Kf4 Bh6+ 66. Rg5 Rxe6 67. dxe6 Rg2 68. Raa5 Ke7 69. Ra7+ 1/2-1/2

[Event "NATO-ch 33rd"]
[Site "Portoroz"]
[Date "2023.09.05"]
[Round "2"]
[White "Echavarria Hidalgo, Fernando"]
[Black "Reizniece Ozola, Dana"]
[Result "0-1"]
[WhiteElo "1711"]
[BlackElo "2260"]
[PlyCount "64"]
[EventDate "2023.09.04"]
[EventType "swiss"]
[EventRounds "7"]
[EventCountry "SLO"]
[SourceTitle "CBM 216 Extra"]
[Source "ChessBase"]
[SourceDate "2023.11.30"]
[SourceVersion "1"]
[SourceVersionDate "2023.11.30"]
[SourceQuality "1"]

1. e4 d6 2. d4 g6 3. Nf3 Nf6 4. Nc3 Bg7 5. Bg5 c6 6. Qd2 h6 7. Bxf6 Bxf6 8. Be2 Nd7 9. h3 Qc7 10. 0-0-0 b5 11. Kb1 Bg7 12. g4 Bb7 13. Rhg1 a6 14. Nh4 c5 15. d5 c4 16. Rdf1 b4 17. Nd1 c3 18. Qc1 cxb2 19. Nxb2 Qc3 20. Rg3 Qf6 21. Ng2 Nc5 22. Re3 0-0 23. f4 Nxe4 24. Rxe4 Bxd5 25. Rxb4 Bxg2 26. g5 hxg5 27. fxg5 Qe5 28. Re1 Rab8 29. Rb3 Qa5 30. h4 Bd5 31. Bc4 Bxb2 32. Rxb2 Rxb2+ 0-1

[Event "World-chT Rapid"]
[Site "Duesseldorf"]
[Date "2023.08.28"]
[Round "10"]
[White "Besou, Hussain"]
[Black "Reizniece Ozola, Dana"]
[Result "1-0"]
[WhiteElo "2364"]
[BlackElo "2268"]
[PlyCount "69"]
[EventDate "2023.08.26"]
[EventType "team-swiss (rapid)"]
[EventRounds "12"]
[EventCountry "GER"]
[SourceTitle "CBM 215 Extra"]
[Source "ChessBase"]
[SourceDate "2023.09.30"]
[SourceVersion "1"]
[SourceVersionDate "2023.09.30"]
[SourceQuality "1"]
[WhiteTeam "Hemer"]
[BlackTeam "FIDE Management Board"]
[WhiteTeamCountry "GER"]

1. e4 d6 2. d4 g6 3. c4 Bg7 4. Nc3 Nf6 5. h3 0-0 6. Be3 Nbd7 7. Nf3 c5 8. d5 a6 9. a4 Rb8 10. Bd3 Nb6 11. 0-0 Na8 12. e5 Ne8 13. Bf4 Nac7 14. Re1 b5 15. axb5 axb5 16. cxb5 Bd7 17. Qe2 Qc8 18. Ra7 Rb7 19. Ra5 Qb8 20. Bc4 Ra7 21. Rea1 Rxa5 22. Rxa5 Qb6 23. Ra1 Qb7 24. Bg3 f5 25. Bh4 e6 26. Rd1 dxe5 27. Nxe5 Bxe5 28. Qxe5 Nxb5 29. dxe6 Bc6 30. e7+ Rf7 31. Qe6 Nbd6 32. Rxd6 Nxd6 33. Qxd6 Be8 34. Qd8 Qd7 35. Bb5 1-0

[Event "World-chT Rapid"]
[Site "Duesseldorf"]
[Date "2023.08.28"]
[Round "12"]
[White "Reizniece Ozola, Dana"]
[Black "Bartelt, Max Peter"]
[Result "1-0"]
[WhiteElo "2268"]
[BlackElo "2025"]
[PlyCount "63"]
[EventDate "2023.08.26"]
[EventType "team-swiss (rapid)"]
[EventRounds "12"]
[EventCountry "GER"]
[SourceTitle "CBM 215 Extra"]
[Source "ChessBase"]
[SourceDate "2023.09.30"]
[SourceVersion "1"]
[SourceVersionDate "2023.09.30"]
[SourceQuality "1"]
[WhiteTeam "FIDE Management Board"]
[BlackTeam "Wensing & Poebel"]
[BlackTeamCountry "GER"]

1. c4 Nf6 2. Nf3 g6 3. g3 Bg7 4. Bg2 0-0 5. Nc3 d5 6. cxd5 Nxd5 7. h4 Nxc3 8. bxc3 h5 9. Rb1 c6 10. 0-0 Qc7 11. Qb3 b6 12. Ng5 Bg4 13. Ba3 Bf6 14. Rfe1 Nd7 15. d4 Rad8 16. e4 c5 17. Rbc1 Qb8 18. e5 Bxg5 19. hxg5 e6 20. f3 Bf5 21. Qd1 f6 22. gxf6 g5 23. Qd2 Kf7 24. Qxg5 Rg8 25. Qxh5+ Bg6 26. Qh6 Qc7 27. d5 Rdf8 28. dxe6+ Kxe6 29. Rcd1 Bf5 30. Rd6+ Kf7 31. e6+ Ke8 32. f7+ 1-0

[Event "World-chT Rapid"]
[Site "Duesseldorf"]
[Date "2023.08.28"]
[Round "11"]
[White "Reizniece Ozola, Dana"]
[Black "Wasserfallen, Benedict"]
[Result "1-0"]
[WhiteElo "2268"]
[BlackElo "1853"]
[PlyCount "63"]
[EventDate "2023.08.26"]
[EventType "team-swiss (rapid)"]
[EventRounds "12"]
[EventCountry "GER"]
[SourceTitle "CBM 215 Extra"]
[Source "ChessBase"]
[SourceDate "2023.09.30"]
[SourceVersion "1"]
[SourceVersionDate "2023.09.30"]
[SourceQuality "1"]
[WhiteTeam "FIDE Management Board"]
[BlackTeam "Lausanne Ecole Polytechnique"]
[BlackTeamCountry "SUI"]

1. c4 e5 2. Nc3 d6 3. g3 f5 4. Bg2 Nf6 5. d3 c6 6. e4 Be7 7. Nge2 0-0 8. h3 Qe8 9. exf5 Bxf5 10. g4 Bg6 11. 0-0 Na6 12. f4 exf4 13. Nxf4 Bf7 14. b3 Qd7 15. Bb2 Qc7 16. d4 Rae8 17. Qd2 Qa5 18. Rad1 Bd8 19. d5 Bb6+ 20. Kh1 Be3 21. Qc2 Nb4 22. Qb1 cxd5 23. a3 d4 24. axb4 Qg5 25. Ncd5 Nxg4 26. Bxd4 Bxd4 27. Rxd4 Ne3 28. Nxe3 Rxe3 29. Nd5 Re2 30. Rg4 Qd2 31. Nf6+ Kh8 32. Qxh7# 1-0

[Event "World-chT Rapid"]
[Site "Duesseldorf"]
[Date "2023.08.27"]
[Round "8.8"]
[White "Reizniece Ozola, Dana"]
[Black "Lubbe, Melanie"]
[Result "0-1"]
[WhiteElo "2268"]
[BlackElo "2256"]
[PlyCount "66"]
[EventDate "2023.08.26"]
[EventType "team-swiss (rapid)"]
[EventRounds "12"]
[EventCountry "GER"]
[SourceTitle "CBM 215 Extra"]
[Source "ChessBase"]
[SourceDate "2023.09.30"]
[SourceVersion "1"]
[SourceVersionDate "2023.09.30"]
[SourceQuality "1"]
[WhiteTeam "FIDE Management Board"]
[BlackTeam "Team Chessemy.com"]
[BlackTeamCountry "GER"]

1. c4 Nf6 2. Nc3 g6 3. g3 Bg7 4. Bg2 d6 5. Nf3 0-0 6. d4 c6 7. 0-0 Bf5 8. h3 Ne4 9. Nxe4 Bxe4 10. Be3 Nd7 11. Qd2 b5 12. cxb5 cxb5 13. Rac1 Nb6 14. b3 Qd7 15. Bh6 Rac8 16. Bxg7 Kxg7 17. h4 Rxc1 18. Rxc1 Rc8 19. Rxc8 Qxc8 20. Ng5 Bxg2 21. Kxg2 h6 22. Nf3 Nd5 23. Qa5 Qb7 24. a4 b4 25. Kf1 Nc3 26. Ng1 Na2 27. h5 Nc1 28. hxg6 fxg6 29. Qd8 Nxb3 30. d5 Nd2+ 31. Ke1 b3 32. Nh3 b2 33. Nf4 b1Q+ 0-1

[Event "World-chT Rapid"]
[Site "Duesseldorf"]
[Date "2023.08.26"]
[Round "4.13"]
[White "Hornsby, Peter"]
[Black "Reizniece Ozola, Dana"]
[Result "0-1"]
[WhiteElo "1487"]
[BlackElo "2268"]
[PlyCount "58"]
[EventDate "2023.08.26"]
[EventType "team-swiss (rapid)"]
[EventRounds "12"]
[EventCountry "GER"]
[SourceTitle "CBM 215 Extra"]
[Source "ChessBase"]
[SourceDate "2023.09.30"]
[SourceVersion "1"]
[SourceVersionDate "2023.09.30"]
[SourceQuality "1"]
[WhiteTeam "The Sharks"]
[BlackTeam "FIDE Management Board"]
[WhiteTeamCountry "ENG"]

1. d4 Nf6 2. Bf4 d6 3. e3 g6 4. Nf3 Bg7 5. Be2 0-0 6. 0-0 Nfd7 7. e4 e5 8. Be3 h6 9. Nbd2 f5 10. Bc4+ Kh7 11. dxe5 dxe5 12. exf5 gxf5 13. Nb3 Qe7 14. Re1 Nc6 15. c3 a5 16. a4 e4 17. Bf4 Nde5 18. Nxe5 Nxe5 19. Bxe5 Bxe5 20. Qh5 Be6 21. Nd2 Rad8 22. Bxe6 Qxe6 23. Qe2 Bxh2+ 24. Kxh2 Qd6+ 25. g3 Qxd2 26. g4 Qf4+ 27. Kg2 Rg8 28. Kh3 Rxg4 29. Qe3 Rd3 0-1

[Event "World-chT Rapid"]
[Site "Duesseldorf"]
[Date "2023.08.26"]
[Round "2.13"]
[White "Reizniece Ozola, Dana"]
[Black "Shahsanam, Alireza"]
[Result "1-0"]
[WhiteElo "2268"]
[BlackElo "1782"]
[PlyCount "65"]
[EventDate "2023.08.26"]
[EventType "team-swiss (rapid)"]
[EventRounds "12"]
[EventCountry "GER"]
[SourceTitle "CBM 215 Extra"]
[Source "ChessBase"]
[SourceDate "2023.09.30"]
[SourceVersion "1"]
[SourceVersionDate "2023.09.30"]
[SourceQuality "1"]
[WhiteTeam "FIDE Management Board"]
[BlackTeam "Phile Khoob CC"]
[BlackTeamCountry "IRI"]

1. c4 Nf6 2. Nc3 g6 3. g3 Bg7 4. Bg2 0-0 5. Nf3 d6 6. 0-0 e5 7. d4 Nc6 8. d5 Ne7 9. h3 Ne8 10. e4 f5 11. Ng5 h6 12. Ne6 Bxe6 13. dxe6 Qc8 14. exf5 gxf5 15. Nd5 Qxe6 16. Nxe7+ Qxe7 17. Bxb7 Rb8 18. Bg2 f4 19. Rb1 fxg3 20. fxg3 Rxf1+ 21. Qxf1 Nf6 22. Be3 a5 23. Qe2 Qf7 24. Rf1 Qg6 25. g4 e4 26. Qc2 Re8 27. Rf5 h5 28. Rg5 Qh6 29. gxh5 Nxh5 30. Qd2 Nf6 31. Rxa5 Qh4 32. Rf5 Nd7 33. Qd5+ 1-0

[Event "Riga Tech op-A"]
[Site "Riga"]
[Date "2023.08.11"]
[Round "7"]
[White "Reizniece Ozola, Dana"]
[Black "Diermair, Andreas"]
[Result "0-1"]
[WhiteElo "2268"]
[BlackElo "2446"]
[PlyCount "86"]
[EventDate "2023.08.07"]
[EventType "swiss"]
[EventRounds "9"]
[EventCountry "LAT"]
[SourceTitle "CBM 215 Extra"]
[Source "ChessBase"]
[SourceDate "2023.09.30"]
[SourceVersion "1"]
[SourceVersionDate "2023.09.30"]
[SourceQuality "1"]

1. c4 e5 2. g3 d6 3. Bg2 f5 4. Nc3 Nf6 5. d3 Be7 6. e3 0-0 7. Nge2 c6 8. 0-0 Na6 9. b3 d5 10. cxd5 cxd5 11. Bb2 Be6 12. Nb5 Qb6 13. a4 Nd7 14. Nec3 Nb4 15. Ba3 Nf6 16. Na2 Nc6 17. Bxe7 Nxe7 18. Rc1 Rac8 19. Qd2 a6 20. Nbc3 Nc6 21. b4 d4 22. exd4 Nxd4 23. Qb2 f4 24. a5 Qa7 25. Rfe1 f3 26. Bf1 Qb8 27. Na4 Qd6 28. Nc5 Bd5 29. Nc3 Rc7 30. N3e4 Qe7 31. Rc3 Qf7 32. Nxf6+ gxf6 33. Ne4 Rc6 34. Rxc6 Bxc6 35. Qc3 Kh8 36. Qc5 Rd8 37. Qb6 Rd5 38. Nc5 Kg7 39. Re4 h5 40. Rh4 Rd6 41. Ne4 Rd7 42. Nc5 Ne2+ 43. Kh1 Qa2 0-1

[Event "EU-ch Cities&Town (Women) op"]
[Site "Tornelo INT"]
[Date "2023.01.29"]
[Round "?"]
[White "Gkoutzouki, Aikaterini Argyro"]
[Black "Reizniece Ozola, Dana"]
[Result "1/2-1/2"]
[WhiteElo "1742"]
[BlackElo "2265"]
[PlyCount "155"]
[EventDate "2023.01.29"]
[EventType "team-swiss"]
[EventRounds "9"]
[EventCountry "NET"]
[SourceTitle "CBM 212 Extra"]
[Source "ChessBase"]
[SourceDate "2023.03.31"]
[SourceVersion "1"]
[SourceVersionDate "2023.03.31"]
[SourceQuality "1"]
[WhiteTeam "Corfu"]
[BlackTeam "Kuldiga"]
[WhiteTeamCountry "GRE"]
[BlackTeamCountry "LAT"]

1. d4 Nf6 2. c4 g6 3. Nc3 Bg7 4. e4 d6 5. Nf3 0-0 6. Be2 e5 7. d5 a5 8. Bg5 h6 9. Bh4 g5 10. Bg3 Nh5 11. h4 Nxg3 12. fxg3 g4 13. Nd2 h5 14. 0-0 Na6 15. a3 Bh6 16. b4 axb4 17. axb4 Bd7 18. Rb1 Qe7 19. Bd3 c5 20. dxc6 bxc6 21. Qe2 Rab8 22. b5 Nc5 23. bxc6 Bxc6 24. Nd5 Bxd5 25. cxd5 Qa7 26. Kh2 Qa2 27. Nc4 Qxe2 28. Bxe2 Nxe4 29. Bd3 Nc5 30. Bf5 Rxb1 31. Rxb1 Rd8 32. Rb5 Bf8 33. Rb6 Kg7 34. Rc6 e4 35. Bc8 Re8 36. Ne3 Kf6 37. Bd7 Nxd7 38. Kg1 Ke5 39. Kf2 Ra8 40. Rc7 Nc5 41. Rxf7 Bh6 42. Nf5 Rf8 43. Nxh6 Rxf7+ 44. Nxf7+ Kxd5 45. Ke3 Ne6 46. Ng5 Nc5 47. Nf7 Ke6 48. Nd8+ Kf5 49. Nc6 d5 50. Nd4+ Kf6 51. Nc6 Ke6 52. Nd4+ Ke5 53. Nc6+ Kf6 54. Kd4 Ne6+ 55. Kxd5 e3 56. Ne5 Kf5 57. Nd3 e2 58. Ne1 Nc7+ 59. Kd4 Nb5+ 60. Kd3 Ke5 61. Kxe2 Ke4 62. Nd3 Nc3+ 63. Kd2 Nd5 64. Ke2 Ne3 65. Nf4 Kd4 66. Nxh5 Nxg2 67. Nf4 Ne3 68. h5 Nf5 69. h6 Nxh6 70. Kf2 Nf5 71. Nh5 Ke5 72. Nf4 Ke4 73. Nh5 Ke5 74. Nf4 Nxg3 75. Kxg3 Ke4 76. Nh5 Ke5 77. Nf6 Kxf6 78. Kxg4 1/2-1/2

[Event "EU-ch Cities&Town (Women) op"]
[Site "Tornelo INT"]
[Date "2023.01.29"]
[Round "?"]
[White "Lehaci, Miruna Daria"]
[Black "Reizniece Ozola, Dana"]
[Result "1-0"]
[WhiteElo "2154"]
[BlackElo "2265"]
[PlyCount "127"]
[EventDate "2023.01.29"]
[EventType "team-swiss"]
[EventRounds "9"]
[EventCountry "NET"]
[SourceTitle "CBM 212 Extra"]
[Source "ChessBase"]
[SourceDate "2023.03.31"]
[SourceVersion "1"]
[SourceVersionDate "2023.03.31"]
[SourceQuality "1"]
[WhiteTeam "Iasi"]
[BlackTeam "Kuldiga"]
[WhiteTeamCountry "ROU"]
[BlackTeamCountry "LAT"]

1. e4 g6 2. d4 Bg7 3. Nf3 d6 4. Nc3 Nf6 5. Be2 0-0 6. 0-0 c6 7. a4 Nbd7 8. h3 e5 9. dxe5 dxe5 10. Be3 Qc7 11. Qd2 Re8 12. Rfd1 Nh5 13. a5 Nf4 14. Bc4 Nf8 15. Qd6 Qxd6 16. Rxd6 N8e6 17. g3 Nxh3+ 18. Kg2 Nd4 19. Nxd4 exd4 20. Bxd4 Bf8 21. Rf6 Ng5 22. Be3 Ne6 23. Rd1 Be7 24. Rf3 Rd8 25. Rh1 Bd7 26. Ne2 c5 27. Nc3 Bc6 28. Nd5 Rd7 29. Nxe7+ Rxe7 30. Bd5 Bxd5 31. exd5 Nd4 32. Bxd4 cxd4 33. Rh4 Rc8 34. Rxd4 Rxc2 35. d6 Rd7 36. b4 Rc6 37. Rfd3 a6 38. Rd5 Kg7 39. b5 axb5 40. Rxb5 Ra6 41. Rdd5 Kf6 42. f4 Ke6 43. Kf3 Raxd6 44. Re5+ Kf6 45. Kg4 h5+ 46. Kh3 Ra6 47. Rec5 Ke7 48. Rc4 Kd8 49. Rcb4 Kc8 50. Kh4 Rc6 51. Kg5 Kb8 52. f5 Kc8 53. f6 Kb8 54. Rb6 Rxb6 55. axb6 Kc8 56. Re4 Kd8 57. Kh6 Rd6 58. Kg7 Rxb6 59. Kxf7 g5 60. Kg7 h4 61. gxh4 Rxf6 62. Kxf6 gxh4 63. Rxh4 Kd7 64. Ke5 1-0

[Event "EU-ch Cities&Town (Women) op"]
[Site "Tornelo INT"]
[Date "2023.01.29"]
[Round "?"]
[White "Reizniece Ozola, Dana"]
[Black "Avramidou, Anastasia"]
[Result "1/2-1/2"]
[WhiteElo "2265"]
[BlackElo "2321"]
[PlyCount "102"]
[EventDate "2023.01.29"]
[EventType "team-swiss"]
[EventRounds "9"]
[EventCountry "NET"]
[SourceTitle "CBM 212 Extra"]
[Source "ChessBase"]
[SourceDate "2023.03.31"]
[SourceVersion "1"]
[SourceVersionDate "2023.03.31"]
[SourceQuality "1"]
[WhiteTeam "Kuldiga"]
[BlackTeam "Thessaloniki"]
[WhiteTeamCountry "LAT"]
[BlackTeamCountry "GRE"]

1. c4 d6 2. Nc3 Nf6 3. g3 g6 4. Bg2 Bg7 5. Nf3 0-0 6. 0-0 Nc6 7. d4 a6 8. Re1 e5 9. h3 Bd7 10. e4 Re8 11. Be3 exd4 12. Nxd4 Ne5 13. b3 c5 14. Nde2 Bc6 15. Qc2 Qc7 16. Rad1 Rad8 17. Nf4 b5 18. Nfd5 Bxd5 19. Nxd5 Nxd5 20. cxd5 c4 21. f4 Nd7 22. bxc4 bxc4 23. Rb1 c3 24. Rb3 Nc5 25. Bxc5 Qxc5+ 26. Kh2 Bd4 27. Rd1 Rb8 28. Rdb1 Rxb3 29. Rxb3 a5 30. Bf1 Bf6 31. Kg2 Qd4 32. Bd3 h5 33. Kf3 h4 34. gxh4 Qg1 35. Qf2 Qh1+ 36. Qg2 Qxg2+ 37. Kxg2 Rc8 38. Bc2 Bxh4 39. Kf3 Bf6 40. Ke2 Rc4 41. Rb8+ Kg7 42. Rb3 Ra4 43. Bb1 Rc4 44. Bc2 Rd4 45. Rxc3 Rxe4+ 46. Bxe4 Bxc3 47. Kf3 Bb4 48. Bd3 Bc5 49. Be4 Bb4 50. Bd3 Bc5 51. Be4 Bb4 1/2-1/2